Taylor Swift mystery lyrics #95 - Statistics

General Stats
  • This quiz has been taken 106 times
  • The average score is 263 of 364
Answer Stats
Answer % Correct
I
100%
me
98%
the
98%
The
98%
you
98%
You
98%
a
96%
A
96%
and
96%
And
96%
be
93%
it
91%
It
91%
love
91%
my
91%
of
91%
to
91%
when
91%
When
91%
your
91%
Your
91%
he
89%
I'm
89%
in
89%
In
89%
it's
89%
life
89%
on
89%
You're
89%
go
87%
if
87%
If
87%
we
87%
We
87%
how
85%
was
85%
said
83%
then
83%
all
80%
All
80%
at
80%
know
80%
that
80%
were
80%
What
80%
what
80%
Are
78%
I'll
78%
like
78%
too
78%
could
76%
for
76%
from
76%
they
76%
time
76%
don't
74%
had
74%
Never
74%
never
74%
Oh
74%
one
74%
this
74%
But
72%
get
72%
us
72%
back
70%
'cause
70%
gonna
70%
told
70%
ever
67%
loss
67%
before
65%
can't
65%
her
65%
into
65%
just
65%
kiss
65%
Who's
65%
babe
63%
legendary
63%
out
63%
Still
63%
still
63%
than
63%
thought
63%
buried
61%
felt
61%
getting
61%
married
61%
million
61%
once
61%
since
61%
times
61%
about
59%
almost
59%
away
59%
better
59%
flames
59%
Girl
59%
Should've
59%
took
59%
wish
59%
with
59%
dead
57%
glimpse
57%
make
57%
momentary
57%
quite
57%
shit
57%
stop
57%
takes
57%
talked
57%
tell
57%
under
57%
un-recall
57%
Well
57%
anyway
54%
bed
54%
hell
54%
kids
54%
mind
54%
Our
54%
something
54%
steps
54%
suit
54%
table
54%
tie
54%
alive
52%
die
52%
goodbye
52%
guy
52%
nick
52%
rings
52%
safe
52%
starry-eyed
52%
Talkin'
52%
talkin'
52%
boy
50%
cry
50%
Ghost
50%
killing
50%
let
50%
quick
50%
rekindled
50%
second-hand
50%
see
50%
stand-up
50%
turned
50%
waltzing
50%
winds
50%
bland
48%
bleeds
48%
blew
48%
coward
48%
Dancing
48%
embarrassed
48%
Holy
48%
lion
48%
man
48%
reformed
48%
scheme
48%
those
48%
through
48%
truth
48%
cradles
46%
eyes
46%
fakes
46%
fate
46%
fool
46%
heaven
46%
ink
46%
memories
46%
Mr
46%
paintings
46%
stay
46%
Steal
46%
terrace
46%
unnecessary
46%
aglow
43%
claimed
43%
hole
43%
phantoms
43%
roar
43%
black
41%
counterfeit's
41%
until
41%
white
41%
dreams
39%
leave
39%
low-down
39%
plot
39%
twists
39%
valiant
39%
braids
37%
cemetery
37%
dynamite
37%
embroidered
37%
fire
37%
impressionist
37%
lies
37%
sells
37%
Stitching
37%
combing
35%
con
35%
field
35%
cemetary
33%
arson's
30%
match
30%
somber
30%
engulfed
28%
cinephile
26%
No matching quizzes found
Score Distribution
Percent of People with Each Score
Percentile by Number Answered
Your Score History
You have not taken this quiz